00571nam a22002177a 450000500170000001000130001702000220003003500130005203700160006504000120008108200130009310000170010624500770012324600060020026000390020627000110024530000200025650000200027665000410029665000160033720170124110000.0 aA-481559 c00.00a8170621380 aA-481559 bCen Lib/Ret aDPLbEN a355bPAL aPalit, D. K. aWar in high himalaya :cby D. K. Palit bthe indian army in crisis, 1962 b  bLancer Internationalc1991aLondon bLondon a450p.c21cm(Hb) aIncludes index  aSino-Indian Border Dispute--(1957- ) aArmy crisis